| 000 | 00996cam a2200277 a 4500 | ||
|---|---|---|---|
| 001 | 15515127 | ||
| 005 | 20180116044439.0 | ||
| 008 | 081107s2009 miuab b 001 0 eng | ||
| 010 | _a 2008048392 | ||
| 020 | _a9780780810303 (hardcover : alk. paper) | ||
| 020 | _a0780810309 (hardcover : alk. paper) | ||
| 035 | _a(OCoLC)ocn236342048 | ||
| 035 | _a(OCoLC)236342048 | ||
| 040 |
_aDLC _cDLC _dBTCTA _dBAKER _dYDXCP _dC#P _dCDX _dDLC |
||
| 041 | _aeng | ||
| 042 | _alcac | ||
| 080 | _a616.99449 | ||
| 082 | 0 | 0 |
_a616.99449 BEL _222 |
| 100 | _a6 | ||
| 101 | _aKAN | ||
| 245 | 0 | 0 |
_aBreast cancer sourcebook : _cedited by Karen Bellenir. |
| 504 | _aIncludes bibliographical references and index. | ||
| 906 |
_a7 _bcbc _corignew _d1 _eecip _f20 _gy-gencatlg |
||
| 942 |
_2ddc _cBK |
||
| 999 |
_c40355 _d40355 |
||